| 000 | 00000nam 2200000za 4500 |
| 001 | 9.839824 |
| 003 | CaOODSP |
| 005 | 20221107151708 |
| 007 | cr ||||||||||| |
| 008 | 180131s2017 onca ob f000 0 fre d |
| 020 | |a9780660090696 |
| 040 | |aCaOODSP|bfre |
| 043 | |an-cn--- |
| 086 | 1 |aHP15-30/0-2017F-PDF |
| 245 | 04|aLes soins à la mère et au nouveau-né dans une perspective familiale |h[ressource électronique] : |blignes directrices nationales. |
| 246 | 1 |iTitre cité par l’éditeur : |aPréface - les soins à la mère et au nouveau-né dans une perspective familiale : |blignes directrices nationales |
| 260 | |aOttawa : |bAgence de la santé publique du Canada, |c2017. |
| 300 | |aiv p. : |bill. |
| 500 | |aPubl. aussi en anglais sous le titre : Family-centred maternity and newborn care: national guidelines. |
| 500 | |a« Date de publication : novembre 2017. » |
| 500 | |aPubl. aussi en format HTML. |
| 504 | |aComprend des références bibliographiques. |
| 520 | |a« Les soins à la mère et au nouveau-né dans une perspective familiale : lignes directrices nationales constitue une source d’informations sur la santé maternelle et du nouveau-né. Ce document contient les derniers renseignements et les conseils les plus récents de spécialistes canadiens. Ces lignes directrices sont destinées aux personnes qui s'intéressent à la santé maternelle et du nouveau-né, notamment : les fournisseurs de soins de santé; les autres Canadiens Ĺ“uvrant dans le domaine de la santé maternelle et du nouveau-né; les personnes responsables de la planification, de la gestion et de la prise de décisions relatives aux programmes et aux services en matière de santé maternelle et du nouveau-né. Les lignes directrices comprennent une préface et 9 chapitres. Chaque chapitre sera publié une fois terminé » -- Fourni par l'éditeur. |
| 692 | 07|2gccst|aSoins périnataux |
| 692 | 07|2gccst|aSoin du nouveau-né |
| 710 | 2 |aAgence de santé publique du Canada. |
| 775 | 08|tFamily-centred maternity and newborn care |w(CaOODSP)9.839823 |
| 856 | 40|qPDF|s3.21 Mo|uhttps://publications.gc.ca/collections/collection_2018/aspc-phac/HP15-30-0-2017-fra.pdf |
| 856 | 4 |qHTML|sS.O.|uhttps://www.canada.ca/fr/sante-publique/services/soins-meres-nouveau-ne-lignes-directrices-nationales/preface.html |
| 986 | |a170167 |